| 000 | 00718nam a2200253Ia 4500 | ||
|---|---|---|---|
| 001 | dia_18 | ||
| 003 | CHAP | ||
| 005 | 20221202131009.0 | ||
| 008 | 220117s1990 xx 000 0 und d | ||
| 010 | _a170450 | ||
| 020 | _a968-18-0276-4 | ||
| 040 | _cCHAP | ||
| 082 | _a658.403 R44 | ||
| 100 |
_aRheault, Jean Paul _9146962 |
||
| 245 |
_aIntroducción a la teoría de las decisiones con aplicaciones a la administración / _c Jean Paul Rheault |
||
| 260 |
_aMéxico : _b Limusa, _c1990 |
||
| 300 | _a212 p. | ||
| 503 | _aC/e | ||
| 650 |
_a1.Administración _9146957 |
||
| 901 | _a658.403 R44 | ||
| 902 | _aM | ||
| 905 | _a0000001990 mx MN 0000000000spa00 | ||
| 942 |
_cLIBRO _2ddc |
||
| 999 |
_c170450 _d170450 |
||